Quiz o Geografii - Poziom 3 - Statystyki

Ogólne statystyki
  • Ten quiz został rozwiązany 54 razy
  • Średni wynik to 14 z 15
Statystyki odpowiedzi
Pytanie Odpowiedź % Poprawnych
Do tego państwa należy Sydney Australia
100%
Największe państwo Australii i Oceanii Australia
100%
Dublin jest stolicą tego państwa Irlandia
98%
Wymień jedno państwo graniczące z USA Meksyk | Kanada
98%
Największa rzeka Polski Wisła
98%
Stolica Grecji Ateny
96%
Stolica Finlandii Helsinki
96%
Stolica Łotwy Ryga
96%
Największą wyspą tego państwa jest Sycylia Włochy
96%
Stolica Słowacji Bratysława
91%
Najmniejsza planeta w naszym układzie słonecznym Merkury
91%
Wymień jedno państwo nad kanałem La Manche Wielka Brytania | Francja
91%
Stolica Argentyny Buenos Aires
87%
Do tego państwa należą Wyspy Owcze Dania
85%
Największa Wyspa Polski Wolin
74%
Nie znaleziono quizów pasujących do podanych kryteriów
Rozkład punktacji
Procent ludzi z każdym wynikiem
Percentyl według liczby udzielonych odpowiedzi
Twoja historia wyników
Nie rozwiązałeś tego quizu